De Virginitate Beatae Mariae de San Ildefonso (Record no. 82577)

MARC details
000 -LEADER
campo de control de longitud fija 00622nam a2200169 i 4500
001 - NÚMERO DE CONTROL
campo de control 82577
003 - IDENTIFICADOR DE NÚMERO DE CONTROL
campo de control ES-MaACL
005 - FECHA Y HORA DE LA ÚLTIMA TRANSACCIÓN
campo de control 20230906174710.0
007 - CAMPO FIJO DE DESCRIPCIÓN FÍSICA--INFORMACIÓN GENERAL
campo de control de longitud fija t|
008 - DATOS DE LONGITUD FIJA--INFORMACIÓN GENERAL
campo de control de longitud fija 041111s1937 sp ||||1| lat d
100 1# - ENTRADA PRINCIPAL--NOMBRE DE PERSONA
Nombre de persona Blanco García, Vicente.
9 (RLIN) 29259
245 10 - MENCIÓN DEL TÍTULO
Título De Virginitate Beatae Mariae de San Ildefonso
Resto del título : historia de su tradición manuscrita /
Mención de responsabilidad, etc. texto y comentario gramatical y estilístico por Vicente Blanco García.
260 ## - PUBLICACIÓN, DISTRIBUCIÓN, ETC.
Lugar de publicación, distribución, etc. Madrid :
Nombre del editor, distribuidor, etc. [s.n.,
Fecha de publicación, distribución, etc. 1937] (
Fabricante Rivadeneyra)
300 ## - DESCRIPCIÓN FÍSICA
Extensión 268 p., 8 lám. ;
Dimensiones 22 cm.
500 ## - NOTA GENERAL
Nota general Precede al tít. Junta para ampliación de Estudios.
852 ## - LOCALIZACIÓN
Ubicación ES-MaACL
Número de control de estantería A-4628
Holdings
Estatus retirado Estado de pérdida Estado de daño No para préstamo Biblioteca de origen Biblioteca actual Ubicación en estantería Fecha de adquisición Fuente de adquisición Total de préstamos Signatura topográfica completa Código de barras Visto por última vez Precio de reemplazo Tipo de ítem Koha
        Biblioteca del Ateneo de Madrid Biblioteca del Ateneo de Madrid Sala Pecera Planta 1 17/01/2008     A-4628 1086302 23/02/2023 23/02/2023 Libro impreso